| 000 | 00506nam a22001577a 4500 | ||
|---|---|---|---|
| 999 |
_c60882 _d60882 |
||
| 005 | 20231114154533.0 | ||
| 008 | 231114s1983 gw ||||| |||| 00| 0 ger d | ||
| 041 | _ager | ||
| 080 | _a902/904 B-69 | ||
| 245 | _aBodenfunde aus Basels Ur-und Frühgeschichte. | ||
| 264 |
_aBasel, _bVerlag Peter Heman _c1983. |
||
| 300 |
_a84 p.: _bill.; _c23 cm. |
||
| 653 | _aარქეოლოგიური აღმოჩენები | ||
| 653 | _aარქეოლოგია | ||
| 942 |
_2udc _cᲬᲘᲒᲜᲘ |
||